000 00562nam a2200193 a 4500
001 1770460529891
003 YourLibrary
005 20260207160833.0
008 260207s2007##################000#0#eng##
020 _a9783631556313
082 0 4 _a306.42
_bHUB
100 1 _aHuber, Franz,
_eauthor.
245 1 0 _aSocial Networks and Knowledge Spillovers :
260 _bPeter Lang Gmbh, Internationaler Verlag Der Wissenschaften,
_c2007.
300 _a172 pages
650 0 _aBusiness & Economics.
942 _cENGLISH
040 _aYourLibrary
_beng
_cYourLibrary
999 _c611189
_d611189